00691nam a2200229Ia 4500008004000000020001800040041000800058082001600066100001800082245004700100260003100147300000800178650001100186650001000197650001500207650001800222650000800240690002500248906001100273999001900284952015800303210210b2007 xxu||||| |||| 00| 0 eng d a9788190480314 aeng a070.49 CHAV aCHANDRA (P K) aVisual communication and photo journalism aDelhibNot Mentionedc2007 a272 aVisual aphoto ajournalism acommunication aand aPictorial Journalism a063043 c131680d131680 001040708JournalismaALbALcJournalismd2021-02-17eAlka Prakashan Kanpur-208007g695.00l0o070.49 CHAVp063043r2021-02-17 00:00:00w2021-02-17yBK